Normal view
MARC view
- Muhammad Sohail Saleem
Entry Personal Name
001 - CONTROL NUMBER
- control field: 47948
003 - CONTROL NUMBER IDENTIFIER
- control field: NUST
005 - DATE AND TIME OF LATEST TRANSACTION
- control field: 20210314133934.0
008 - FIXED-LENGTH DATA ELEMENTS
- fixed length control field: 210314|| aca||aabn | a|a d
040 ## - CATALOGING SOURCE
- Original cataloging agency: NUST
- Transcribing agency: NUST
100 ## - HEADING--PERSONAL NAME
- Personal name: Muhammad Sohail Saleem
670 ## - SOURCE DATA FOUND
- Source citation: Work cat.: (NUST): Muhammad Sohail Saleem, Roof insulation, cost effective and effective utility for Pakistan, 12.12.2005
